000 00579nam a2200193Ia 4500
005 20250326142256.0
008 250326s9999 xx 000 0 und d
020 _a1-86152-604-0
037 _aTextbook
040 _aFMSL
_beng
_cFMSL
041 _aeng
_2eng
084 _aX:89Q P1
_qFMSL
100 _aTaylor D
_9701688
245 0 _aManufacturing operations and supply chain management: Learn approach
_cTaylor D; Brunt D
260 _aAustralia
_bAustralia, Thompson Learining
_c2001
300 _a388p
942 _cTB
_hX:89Q P1
999 _c1294250
_d1294250